An iron harvest / (Record no. 25610)
[ view plain ]
| 000 -LEADER | |
|---|---|
| fixed length control field | 00898 a2200217 4500 |
| 005 - DATE AND TIME OF LATEST TRANSACTION | |
| control field | 20190228134027.0 |
| 008 - FIXED-LENGTH DATA ELEMENTS--GENERAL INFORMATION | |
| fixed length control field | 090401t xxu||||| |||| 00| 1 eng d |
| 010 ## - LCCN (DPL NO) | |
| LC control number | B-284530, B-212361 |
| 020 ## - INTERNATIONAL STANDARD BOOK NUMBER | |
| International Standard Book Number | 8186939253 |
| Terms of availability | 350.00 |
| 020 ## - INTERNATIONAL STANDARD BOOK NUMBER | |
| International Standard Book Number | 9788186939253 |
| Terms of availability | 350.00 |
| 035 ## - SYSTEM CONTROL NUMBER | |
| System control number | B-284530, B-212359, B-212361,B-212360 |
| 040 ## - CATALOGING SOURCE | |
| Original cataloging agency | dpl |
| Language of cataloging | English |
| 082 ## - DEWEY DECIMAL CLASSIFICATION NUMBER | |
| Classification number | N |
| 100 ## - MAIN ENTRY--PERSONAL NAME | |
| Personal name | Surendran , C.P. |
| 245 ## - TITLE STATEMENT | |
| Title | An iron harvest / |
| Statement of responsibility, etc | by C.P.Surendran |
| 260 ## - PUBLICATION, DISTRIBUTION, ETC. (IMPRINT) | |
| Place of publication, distribution, etc | New Delhi |
| Name of publisher, distributor, etc | IndiaInk |
| Date of publication, distribution, etc | 2006 |
| 270 ## - ADDRESS | |
| Address | Roli Books, M-75, G.K.-II, K Market, |
| City | New Delhi |
| State or province | Delhi |
| Postal code | 110048 |
| Telephone number | 29272271, 29212782 |
| Fax number | ++91 (011) 29217185 |
| Electronic mail address | roli@vsnl.com |
| 300 ## - PHYSICAL DESCRIPTION | |
| Extent | 326p. |
| Dimensions | 22cm. (pbk) |
| 942 ## - ADDED ENTRY ELEMENTS (KOHA) | |
| Institution code [OBSOLETE] | dpl |
| Item type | English Books |
| Source of classification or shelving scheme | Dewey Decimal Classification |
| Classification part | N |
| Call number suffix | SUR |
| Withdrawn status | Lost status | Source of classification or shelving scheme | Damaged status | Not for loan | Collection code | Home library | Current library | Date acquired | Source of acquisition | Cost, normal purchase price | Total Checkouts | Full call number | Barcode | Date last seen | Copy number | Cost, replacement price | Koha item type |
|---|---|---|---|---|---|---|---|---|---|---|---|---|---|---|---|---|---|
| Dewey Decimal Classification | Fiction | Yojana Vihar | Yojana Vihar | 17/10/2019 | BPPD/PUB | 350.00 | N SUR | B-212418 | 17/10/2019 | 1 | 350.00 | English Books |
